[Event "MVP-ch Seniors op 18th"]
[Site "Ostseebad Binz"]
[Date "2018.12.06"]
[Round "9"]
[White "Wiebke, Elfriede"]
[Black "Grueneschild, Hildegard"]
[Result "1-0"]
[WhiteElo "1181"]
[BlackElo "1364"]
[PlyCount "91"]
[EventDate "2018.11.28"]
[EventType "swiss"]
[EventRounds "9"]
[EventCountry "GER"]
[SourceTitle "CBM 188 Extra"]
[Source "ChessBase"]
[SourceDate "2019.02.26"]
[SourceVersion "1"]
[SourceVersionDate "2019.02.26"]
[SourceQuality "1"]

1. e4 c5 2. Bc4 Nc6 3. Nf3 e6 4. Nc3 Nf6 5. d3 d6 6. Bg5 Be7 7. Bb5 Bd7 8. 0-0 0-0 9. Bxc6 Bxc6 10. e5 Nd5 11. Nxd5 Bxd5 12. Bxe7 Qxe7 13. c4 Bc6 14. Re1 Rad8 15. exd6 Qxd6 16. Re3 Bxf3 17. Qxf3 Qb6 18. Rb1 Rd4 19. h3 Rfd8 20. b4 Qd6 21. bxc5 Qxc5 22. Rxb7 R8d7 23. Rb8+ Rd8 24. Qa8 Qf8 25. Rxd8 Rxd8 26. Qxa7 Qe8 27. h4 Ra8 28. Qc5 Rb8 29. Kh2 Rb2 30. Rg3 Rxf2 31. Qxf2 Qb8 32. h5 h6 33. Qf6 Qf8 34. a4 g6 35. hxg6 fxg6 36. Rxg6+ Kh7 37. Qxf8 Kxg6 38. Qe8+ Kg5 39. Qxe6 Kf4 40. c5 Kg5 41. g3 h5 42. c6 h4 43. c7 hxg3+ 44. Kxg3 Kh5 45. c8Q Kg5 46. Qc5# 1-0

[Event "MVP-ch Seniors op 18th"]
[Site "Ostseebad Binz"]
[Date "2018.12.05"]
[Round "8"]
[White "Wiebke, Elfriede"]
[Black "Staudinger, Karl"]
[Result "1/2-1/2"]
[WhiteElo "1181"]
[BlackElo "1359"]
[PlyCount "38"]
[EventDate "2018.11.28"]
[EventType "swiss"]
[EventRounds "9"]
[EventCountry "GER"]
[SourceTitle "CBM 188 Extra"]
[Source "ChessBase"]
[SourceDate "2019.02.26"]
[SourceVersion "1"]
[SourceVersionDate "2019.02.26"]
[SourceQuality "1"]

1. e4 g6 2. Nf3 Bg7 3. d4 c6 4. Bc4 e6 5. 0-0 Ne7 6. c3 d5 7. Bd3 Bd7 8. Bg5 f6 9. Bf4 Qb6 10. b4 a5 11. Bxb8 Rxb8 12. a3 Ra8 13. Qb3 e5 14. dxe5 Bg4 15. Nbd2 a4 16. Qb1 Rd8 17. h3 Bxf3 18. Nxf3 fxe5 19. Ng5 Rd6 1/2-1/2

[Event "MVP-ch Seniors op 18th"]
[Site "Ostseebad Binz"]
[Date "2018.12.03"]
[Round "6"]
[White "Baumast, Bernd"]
[Black "Wiebke, Elfriede"]
[Result "1-0"]
[WhiteElo "1531"]
[BlackElo "1181"]
[PlyCount "71"]
[EventDate "2018.11.28"]
[EventType "swiss"]
[EventRounds "9"]
[EventCountry "GER"]
[SourceTitle "CBM 188 Extra"]
[Source "ChessBase"]
[SourceDate "2019.02.26"]
[SourceVersion "1"]
[SourceVersionDate "2019.02.26"]
[SourceQuality "1"]

1. b4 d6 2. Bb2 e5 3. d4 Nc6 4. b5 Nb4 5. dxe5 d5 6. a3 a6 7. axb4 Bxb4+ 8. Bc3 Bxc3+ 9. Nxc3 Ne7 10. Nf3 0-0 11. e3 Bg4 12. h3 Bf5 13. Bd3 Qd7 14. Bxf5 Nxf5 15. Qxd5 Qc8 16. 0-0 h6 17. Nd4 Ne7 18. Qb3 Kh8 19. Nd5 Qd8 20. Nxe7 Qxe7 21. f4 f6 22. Qe6 Qd8 23. bxa6 bxa6 24. Rxa6 Rxa6 25. Qxa6 c5 26. Ne6 Qe7 27. Nxf8 Qxf8 28. e6 f5 29. Qb7 c4 30. e7 Qe8 31. Rd1 Kh7 32. Rd8 Qf7 33. Qd7 Qh5 34. e8Q Qxe8 35. Rxe8 c3 36. Qxf5+ 1-0

[Event "GER-ch Seniors 65"]
[Site "Hamburg"]
[Date "2018.07.24"]
[Round "4"]
[White "Lahn, Horst"]
[Black "Wiebke, Elfriede"]
[Result "1-0"]
[WhiteElo "1522"]
[BlackElo "1223"]
[PlyCount "159"]
[EventDate "2018.07.21"]
[EventType "swiss"]
[EventRounds "9"]
[EventCountry "GER"]
[SourceTitle "CBM 186 Extra"]
[Source "ChessBase"]
[SourceDate "2018.08.24"]
[SourceVersion "1"]
[SourceVersionDate "2018.08.24"]
[SourceQuality "1"]

1. d4 d5 2. Nf3 Nc6 3. Bf4 Bg4 4. e3 Nf6 5. h3 Bf5 6. Bd3 Bxd3 7. Qxd3 h6 8. Nc3 e6 9. 0-0 Be7 10. Qb5 Rb8 11. Rab1 a6 12. Qe2 0-0 13. a3 Nh5 14. Bh2 Nf6 15. Qd3 Nh7 16. Ne2 f5 17. Nf4 Rf6 18. Nh5 Rg6 19. Nf4 Rf6 20. Rbc1 Bd6 21. Kh1 Bxf4 22. Bxf4 Rg6 23. c4 Ne7 24. Bg3 Nf6 25. Ne5 Rg5 26. cxd5 Nexd5 27. Qc2 Ne4 28. Nf3 Rxg3 29. fxg3 Nxg3+ 30. Kg1 Nxe3 31. Qf2 Nexf1 32. Rxf1 Qd6 33. Re1 Ne4 34. Qe3 Ng3 35. Qxe6+ Qxe6 36. Rxe6 Rc8 37. Kf2 f4 38. d5 Rd8 39. Re7 Rxd5 40. Ke1 Rc5 41. Rd7 Rc2 42. Rd2 Rc1+ 43. Rd1 Rc4 44. Rd8+ Kh7 45. Kd1 Ne4 46. Ne5 Nf2+ 47. Ke1 Rc2 48. Nf3 Rxb2 49. Nd2 Ne4 50. Nxe4 Rxg2 51. Rd7 f3 52. Rxc7 Rg1+ 53. Kf2 Rh1 54. Kg3 Ra1 55. Rc3 b5 56. Nc5 Rf1 57. Nxa6 Rh1 58. Rxf3 Rg1+ 59. Kf2 Rc1 60. Rb3 Rc6 61. Nb8 Rc5 62. Na6 Rf5+ 63. Rf3 Rd5 64. Ke3 Re5+ 65. Kd4 Rh5 66. Rb3 Rh4+ 67. Kc5 Rh5+ 68. Kb6 g5 69. Rg3 Kg6 70. Nc7 Kf5 71. Nd5 Rh4 72. Ne3+ Kf4 73. Nf1 Ke5 74. Kxb5 Rd4 75. Rc3 Rf4 76. Ne3 Kd4 77. Rb3 h5 78. a4 Rh4 79. Nf5+ Ke4 80. Nxh4 1-0

[Event "GER-ch Seniors 65+ 30th"]
[Site "Hamburg"]
[Date "2018.07.23"]
[Round "3"]
[White "Wiebke, Elfriede"]
[Black "Steffens, Heinrich"]
[Result "0-1"]
[WhiteElo "1223"]
[BlackElo "1606"]
[PlyCount "60"]
[EventDate "2018.07.21"]
[EventType "swiss"]
[EventRounds "9"]
[EventCountry "GER"]
[SourceTitle "EXT 2020"]
[Source "ChessBase"]
[SourceDate "2019.10.17"]
[SourceVersion "1"]
[SourceVersionDate "2019.10.17"]
[SourceQuality "1"]

1. e4 e6 2. Nf3 d5 3. Bd3 dxe4 4. Bxe4 Nf6 5. Nc3 Bb4 6. a3 Bxc3 7. bxc3 Nxe4 8. 0-0 0-0 9. Re1 Nf6 10. d4 Bd7 11. Bg5 h6 12. Bxf6 Qxf6 13. Rb1 b6 14. Re3 Bc6 15. c4 Bxf3 16. Rxf3 Qd8 17. Rd3 Nc6 18. d5 Ne5 19. Rd4 Qf6 20. Qe2 Nf3+ 21. gxf3 Qxd4 22. dxe6 fxe6 23. Qxe6+ Kh8 24. Qe2 Rae8 25. Qd3 Qxd3 26. cxd3 Rxf3 27. Rd1 Re2 28. Kg2 Rfxf2+ 29. Kg1 Rxh2 30. Kf1 Rd2 0-1

[Event "Schleswig-Holstein-ch Seniors-B"]
[Site "Bad Segeberg"]
[Date "2018.03.25"]
[Round "2"]
[White "Wiebke, Elfriede"]
[Black "Baumast, Bernd"]
[Result "0-1"]
[WhiteElo "1281"]
[BlackElo "1626"]
[PlyCount "98"]
[EventDate "2018.03.24"]
[EventType "swiss"]
[EventRounds "9"]
[EventCountry "GER"]
[SourceTitle "EXT 2023"]
[Source "ChessBase"]
[SourceDate "2022.10.05"]
[SourceVersion "1"]
[SourceVersionDate "2022.10.05"]
[SourceQuality "1"]

1. e4 e6 2. Nf3 d5 3. exd5 exd5 4. d4 Bg4 5. Be2 c5 6. Bb5+ Nc6 7. Qd3 c4 8. Qe3+ Qe7 9. Bxc6+ bxc6 10. Qxe7+ Bxe7 11. 0-0 Bxf3 12. gxf3 Nh6 13. Re1 Nf5 14. c3 0-0 15. Kh1 Rfe8 16. Nd2 Bh4 17. Re5 Rxe5 18. dxe5 Bxf2 19. b3 Re8 20. f4 f6 21. Nf3 Nh4 22. Nxh4 Bxh4 23. bxc4 fxe5 24. cxd5 cxd5 25. Kg2 exf4 26. Bd2 Re2+ 27. Kh3 Rxd2 28. Kxh4 Rxh2+ 29. Kg4 Rc2 30. Kxf4 Rxc3 31. Rb1 Ra3 32. Rb8+ Kf7 33. Rb7+ Kf6 34. Rd7 g5+ 35. Kg4 Ra4+ 36. Kf3 d4 37. Rd6+ Ke5 38. Rh6 d3 39. Rxh7 d2 40. Ke2 Rxa2 41. Kd1 Kf4 42. Rf7+ Kg3 43. Rd7 g4 44. Rd3+ Kf2 45. Rd4 Ke3 46. Rxg4 Ra1+ 47. Kc2 Rc1+ 48. Kb3 d1Q+ 49. Kb4 Qxg4+ 0-1

[Event "MVP-ch Seniors op 16th"]
[Site "Binz"]
[Date "2016.12.01"]
[Round "9.84"]
[White "Kuhnert, Werner Eberhard"]
[Black "Wiebke, Elfriede"]
[Result "1/2-1/2"]
[WhiteElo "1448"]
[BlackElo "1302"]
[PlyCount "48"]
[EventDate "2016.11.23"]
[EventType "swiss"]
[EventRounds "9"]
[EventCountry "GER"]
[SourceTitle "EXT 2018"]
[Source "ChessBase"]
[SourceDate "2017.10.13"]
[SourceVersion "1"]
[SourceVersionDate "2017.10.13"]
[SourceQuality "1"]

1. d4 d5 2. c4 e6 3. cxd5 exd5 4. Nc3 Bb4 5. Bd2 Nf6 6. a3 Bxc3 7. Bxc3 0-0 8. Nf3 Nc6 9. e3 Ne4 10. Be2 h6 11. Nd2 Nxc3 12. bxc3 a6 13. 0-0 b5 14. Bf3 Ne7 15. e4 c6 16. Re1 Ng6 17. g3 Qg5 18. h4 Nxh4 19. Kh2 Nxf3+ 20. Qxf3 Bg4 21. Qf4 Qh5+ 22. Kg1 Rfe8 23. e5 Re6 24. f3 Bf5 1/2-1/2

[Event "MVP-ch Seniors op 16th"]
[Site "Binz"]
[Date "2016.11.28"]
[Round "6.82"]
[White "Wiebke, Elfriede"]
[Black "Ludwig, Siegfried"]
[Result "0-1"]
[WhiteElo "1302"]
[BlackElo "1613"]
[PlyCount "80"]
[EventDate "2016.11.23"]
[EventType "swiss"]
[EventRounds "9"]
[EventCountry "GER"]
[SourceTitle "EXT 2018"]
[Source "ChessBase"]
[SourceDate "2017.10.13"]
[SourceVersion "1"]
[SourceVersionDate "2017.10.13"]
[SourceQuality "1"]

1. e4 e5 2. Nf3 Nc6 3. Bc4 h6 4. Nc3 d6 5. 0-0 Nf6 6. h3 Be7 7. d3 0-0 8. a3 Be6 9. Bxe6 fxe6 10. Ne2 Qe8 11. c3 Rd8 12. Qb3 Qd7 13. Nh4 Kh7 14. f4 Nh5 15. Nf3 exf4 16. Bxf4 Nxf4 17. Nxf4 Rxf4 18. Qd1 Rdf8 19. Nd2 Bg5 20. Rxf4 Bxf4 21. Nf3 Qf7 22. Qe2 Qg6 23. Nh4 Qg3 24. Nf3 Ne5 25. Rf1 Nxf3+ 26. Rxf3 Qh2+ 27. Kf2 Bg3+ 28. Ke3 Bf4+ 29. Kd4 c5+ 30. Kc4 e5 31. b4 b6 32. d4 Rf6 33. d5 a6 34. a4 Rg6 35. Qf1 Rxg2 36. Rxf4 exf4 37. Qd3 Rd2 38. Qf3 Qf2 39. Qxf2 Rxf2 40. Kd3 f3 0-1

[Event "Schleswig Holstein-ch Seniors op 10th"]
[Site "Buesum"]
[Date "2016.09.29"]
[Round "4"]
[White "Wiebke, Elfriede"]
[Black "Howe, Dietrich"]
[Result "0-1"]
[WhiteElo "1311"]
[BlackElo "1544"]
[PlyCount "71"]
[EventDate "2016.09.26"]
[EventType "swiss"]
[EventRounds "9"]
[EventCountry "GER"]
[SourceTitle "EXT 2019"]
[Source "ChessBase"]
[SourceDate "2018.10.10"]
[SourceVersion "1"]
[SourceVersionDate "2018.10.10"]
[SourceQuality "1"]

1. e4 c5 2. Bc4 e6 3. Nf3 a6 4. 0-0 b5 5. Be2 d6 6. c4 b4 7. d4 cxd4 8. Nxd4 Bb7 9. Qa4+ Nd7 10. Bf3 a5 11. a3 Qc7 12. Nd2 Ngf6 13. axb4 axb4 14. Nb5 Qc5 15. Nc7+ Qxc7 16. Qxa8+ Bxa8 17. Rxa8+ Ke7 18. b3 Nb6 19. Ra1 Nbd7 20. Bb2 g6 21. h3 Bg7 22. Rac1 Rb8 23. g4 Kf8 24. g5 Ne8 25. Bxg7+ Kxg7 26. Bg2 Ne5 27. f4 Qc5+ 28. Kh1 Nd3 29. Rcd1 Nf2+ 30. Rxf2 Qxf2 31. e5 Qxf4 32. exd6 Nxd6 33. c5 Nb5 34. Ne4 Nc3 35. Rf1 Qe5 36. Nd6 0-1

[Event "Schleswig Holstein-ch Seniors op 10th"]
[Site "Buesum"]
[Date "2016.09.26"]
[Round "1"]
[White "Gehrmann, Dorit"]
[Black "Wiebke, Elfriede"]
[Result "1-0"]
[WhiteElo "1904"]
[BlackElo "1311"]
[PlyCount "77"]
[EventDate "2016.09.26"]
[EventType "swiss"]
[EventRounds "9"]
[EventCountry "GER"]
[SourceTitle "EXT 2019"]
[Source "ChessBase"]
[SourceDate "2018.10.10"]
[SourceVersion "1"]
[SourceVersionDate "2018.10.10"]
[SourceQuality "1"]

1. e4 e5 2. Nf3 Nc6 3. d4 Bd6 4. d5 Nce7 5. c4 Nf6 6. Nc3 a6 7. a3 Ng4 8. b4 c6 9. h3 Nf6 10. c5 Bb8 11. d6 Ng6 12. Bc4 0-0 13. 0-0 h6 14. Be3 Ba7 15. Nh2 a5 16. Ng4 Nxg4 17. Qxg4 axb4 18. axb4 Qf6 19. Ra2 Nf4 20. Rfa1 h5 21. Qf3 Qg6 22. Bxf4 exf4 23. Qxf4 Kh8 24. Rxa7 Rxa7 25. Rxa7 f5 26. Ra8 Qe8 27. e5 Qd8 28. e6 b6 29. e7 Qe8 30. exf8Q+ Qxf8 31. Ba6 Kh7 32. Rxc8 Qf6 33. Bd3 g6 34. Qe3 bxc5 35. Qe7+ Qg7 36. bxc5 Kh6 37. Qxg7+ Kxg7 38. Rxc6 dxc6 39. d7 1-0

[Event "Hessen-ch Seniors op 12th"]
[Site "Bad Sooden-Allendorf"]
[Date "2016.05.05"]
[Round "6"]
[White "Klose, Hans Peter"]
[Black "Wiebke, Elfriede"]
[Result "1-0"]
[WhiteElo "1598"]
[BlackElo "1337"]
[PlyCount "134"]
[EventDate "2016.04.30"]
[EventType "swiss"]
[EventRounds "9"]
[EventCountry "GER"]
[SourceTitle "EXT 2019"]
[Source "ChessBase"]
[SourceDate "2018.10.10"]
[SourceVersion "1"]
[SourceVersionDate "2018.10.10"]
[SourceQuality "1"]

1. c4 c5 2. g3 Nf6 3. Bg2 d5 4. cxd5 Nxd5 5. Nc3 e6 6. e3 Nxc3 7. bxc3 Bd6 8. Ne2 Nc6 9. Rb1 0-0 10. 0-0 Na5 11. d3 Rb8 12. Bb2 c4 13. d4 b5 14. Qc2 Bb7 15. e4 Nc6 16. Rfd1 e5 17. Bc1 Qb6 18. Be3 Qc7 19. d5 Ne7 20. Bxa7 Bc8 21. Bxb8 Qxb8 22. Kh1 f5 23. f4 h5 24. Qd2 Ng6 25. fxe5 Bxe5 26. Nf4 Bxf4 27. gxf4 Nh4 28. Rg1 fxe4 29. Rbf1 Bf5 30. Qe3 Qe8 31. Re1 Nxg2 32. Rxg2 h4 33. Rg5 Qf7 34. Reg1 g6 35. Qd4 Kh7 36. Qf2 Kg8 37. Qxh4 e3 38. h3 Qxd5+ 39. Kh2 Qd2+ 40. R1g2 e2 41. Rxg6+ Bxg6 42. Rxg6+ Kf7 43. Qf6+ Ke8 44. Qe5+ Kd8 45. Rd6+ Qxd6 46. Qxd6+ Ke8 47. Qe5+ Kf7 48. Qxe2 Kg6 49. h4 Rxf4 50. Qe8+ Kf5 51. Qxb5+ Kg4 52. Qg5+ Kf3 53. Qg2+ Ke3 54. Qg5 Ke4 55. Qxf4+ Kxf4 56. Kh3 Ke4 57. h5 Kd3 58. h6 Kxc3 59. h7 Kb4 60. h8Q c3 61. Qf8+ Kc4 62. Qf1+ Kb4 63. Qb1+ Kc4 64. Qc2 Kd4 65. Kg3 Kc4 66. Kf3 Kd4 67. Ke2 Kc4 1-0

[Event "Hamburg-ch Seniors 22nd"]
[Site "Hamburg"]
[Date "2015.10.30"]
[Round "3"]
[White "Wiebke, Elfriede"]
[Black "Grube, Bernd"]
[Result "0-1"]
[WhiteElo "1340"]
[BlackElo "1545"]
[PlyCount "122"]
[EventDate "2015.10.28"]
[EventType "swiss"]
[EventRounds "9"]
[EventCountry "GER"]
[SourceTitle "EXT 2018"]
[Source "ChessBase"]
[SourceDate "2017.10.13"]
[SourceVersion "1"]
[SourceVersionDate "2017.10.13"]
[SourceQuality "1"]

1. e4 e6 2. Nf3 d5 3. Bd3 Nf6 4. Nc3 Bb4 5. e5 Nfd7 6. 0-0 c5 7. Bb5 a6 8. Bxd7+ Nxd7 9. a3 Ba5 10. d4 cxd4 11. Qxd4 Bb6 12. Qg4 g6 13. Bg5 h5 14. Qh4 Qc7 15. Qb4 Bc5 16. Qa4 0-0 17. Qh4 Nxe5 18. Nxe5 Qxe5 19. Bf4 Qg7 20. Na4 Bd4 21. c3 Bf6 22. Qg3 e5 23. Bg5 Bxg5 24. Qxg5 f6 25. Qc1 Be6 26. Nc5 Rae8 27. Nxe6 Rxe6 28. c4 Rc6 29. b3 Rfc8 30. Qd1 dxc4 31. bxc4 Qf7 32. Qd5 Rxc4 33. Qxf7+ Kxf7 34. g3 b5 35. h4 Rd8 36. Kg2 Rd3 37. Rfd1 Rxd1 38. Rxd1 Ke6 39. Rd8 Rc3 40. Ra8 Rxa3 41. Re8+ Kf7 42. Rc8 b4 43. Rc7+ Ke6 44. Rc6+ Kf7 45. Rc7+ Kg8 46. Rc8+ Kg7 47. Rc6 f5 48. Rc8 Rd3 49. Rc7+ Kf6 50. Rc8 Rd6 51. Rf8+ Ke6 52. Re8+ Kd5 53. Rb8 Kc4 54. Re8 e4 55. Ra8 Rb6 56. Rc8+ Kb3 57. Rc1 Kb2 58. Re1 b3 59. Re2+ Ka3 60. Re3 Ka2 61. Re2+ b2 0-1

[Event "Schleswig Holstein-ch Seniors op 9th"]
[Site "Buesum"]
[Date "2015.10.05"]
[Round "7"]
[White "Wiebke, Elfriede"]
[Black "Vierling, Paul"]
[Result "1-0"]
[WhiteElo "1338"]
[BlackElo "1467"]
[PlyCount "87"]
[EventDate "2015.09.28"]
[EventType "swiss"]
[EventRounds "9"]
[EventCountry "GER"]
[SourceTitle "EXT 2018"]
[Source "ChessBase"]
[SourceDate "2017.10.13"]
[SourceVersion "1"]
[SourceVersionDate "2017.10.13"]
[SourceQuality "1"]

1. e4 e5 2. Nf3 Nf6 3. Nc3 d6 4. Bc4 Qe7 5. h3 Be6 6. Bxe6 Qxe6 7. Ng5 Qd7 8. 0-0 h6 9. Nf3 Nc6 10. a3 Be7 11. Re1 0-0 12. d3 a6 13. Nd5 Rfe8 14. Nxf6+ Bxf6 15. c3 b5 16. b4 Rac8 17. a4 Nb8 18. Be3 c6 19. a5 Be7 20. Kh2 Qe6 21. Rc1 Nd7 22. d4 exd4 23. Bxd4 Bf6 24. Bxf6 Qxf6 25. c4 Ne5 26. c5 Nxf3+ 27. Qxf3 Qe5+ 28. Kg1 Re6 29. Qe3 Rce8 30. f4 Qf6 31. Qf3 Qd4+ 32. Qf2 Qxf2+ 33. Kxf2 Rxe4 34. cxd6 Rxf4+ 35. Kg3 Rfe4 36. Rxe4 Rxe4 37. Rxc6 Re8 38. Rxa6 Rd8 39. Rc6 Kf8 40. a6 Ke8 41. a7 Ra8 42. Rc7 Kf8 43. d7 Ke7 44. Rc8 1-0

[Event "Schleswig Holstein-ch Seniors op 9th"]
[Site "Buesum"]
[Date "2015.09.30"]
[Round "3"]
[White "Wiebke, Elfriede"]
[Black "Graffenberger, Wilhelm"]
[Result "0-1"]
[WhiteElo "1338"]
[BlackElo "1730"]
[PlyCount "62"]
[EventDate "2015.09.28"]
[EventType "swiss"]
[EventRounds "9"]
[EventCountry "GER"]
[SourceTitle "EXT 2018"]
[Source "ChessBase"]
[SourceDate "2017.10.13"]
[SourceVersion "1"]
[SourceVersionDate "2017.10.13"]
[SourceQuality "1"]

1. e4 c5 2. Bc4 e6 3. Nf3 Nc6 4. a3 Nge7 5. 0-0 g6 6. c3 Bg7 7. Re1 0-0 8. d3 d5 9. exd5 exd5 10. Bb5 a6 11. Bxc6 Nxc6 12. h3 Be6 13. Be3 d4 14. Bd2 Bf5 15. Bf4 Qb6 16. b3 dxc3 17. Be5 Nxe5 18. Nxe5 Rfe8 19. Nxc3 Bxe5 20. Nd5 Qd6 21. Qf3 Bxa1 22. Rxa1 Rad8 23. Rd1 Qxd5 24. Qxd5 Rxd5 25. b4 cxb4 26. axb4 Rxd3 27. Rc1 Rb3 28. Rc4 Re1+ 29. Kh2 Rbb1 30. Kg3 Rb3+ 31. f3 Re4 0-1

[Event "GER-chB Seniors 27th"]
[Site "Magdeburg"]
[Date "2015.08.23"]
[Round "9"]
[White "Wiebke, Elfriede"]
[Black "Klose, Hans Peter"]
[Result "1/2-1/2"]
[WhiteElo "1318"]
[BlackElo "1633"]
[PlyCount "120"]
[EventDate "2015.08.15"]
[EventType "swiss"]
[EventRounds "9"]
[EventCountry "GER"]
[SourceTitle "EXT 2018"]
[Source "ChessBase"]
[SourceDate "2017.10.13"]
[SourceVersion "1"]
[SourceVersionDate "2017.10.13"]
[SourceQuality "1"]

1. e4 d6 2. d4 c5 3. d5 e6 4. c4 exd5 5. cxd5 Nf6 6. Nc3 Be7 7. Nf3 Bg4 8. Be2 0-0 9. 0-0 h6 10. h3 Bh5 11. Nh4 Bxe2 12. Qxe2 Nh7 13. Nf5 Bf6 14. Qg4 Kh8 15. Bf4 Be5 16. Bxe5 Qg5 17. Bxg7+ Kg8 18. Nxh6+ Kxg7 19. Qxg5+ Nxg5 20. Nf5+ Kg6 21. Nxd6 Nd7 22. f4 Nh7 23. f5+ Kg7 24. Rf4 Ne5 25. f6+ Nxf6 26. Nxb7 Nd3 27. Rf3 Nxb2 28. Rg3+ Kh7 29. Nxc5 Rac8 30. N3a4 Nxa4 31. Nxa4 Rc4 32. Nc3 a6 33. Rf1 Nxe4 34. Nxe4 Rxe4 35. Rf5 Rh4 36. d6 Rg8 37. Rxf7+ Kh8 38. Rxg8+ Kxg8 39. Ra7 Rd4 40. Rxa6 Kf7 41. g4 Ke8 42. Ra8+ Kd7 43. g5 Rxd6 44. Ra7+ Ke8 45. h4 Rd4 46. h5 Rg4+ 47. Kh2 Rxg5 48. Rh7 Kf8 49. Rh8+ Kg7 50. Ra8 Rxh5+ 51. Kg3 Rg5+ 52. Kf3 Kf7 53. Ra7+ Ke6 54. a4 Rf5+ 55. Ke4 Rh5 56. Kd4 Kd6 57. a5 Kc6 58. Kc4 Rh4+ 59. Kb3 Kb5 60. a6 Kb6 1/2-1/2